100 Oldest Male Names (United States) - Statistics

General Stats
  • This quiz has been taken 108 times
  • The average score is 19 of 100
Answer Stats
Avg age Answer % Correct
66 B Bob
57%
62 D Don
56%
57 W Walter
53%
63 H Harold
49%
60 H Harry
49%
60 R Ronald
49%
61 D Donald
47%
59 D Dan
44%
59 G Garry
43%
60 G Gary
43%
61 G Gerald
43%
64 F Fred
41%
64 B Bill
40%
58 M Mike
37%
58 J Joe
34%
61 L Larry
34%
59 R Rodger
34%
59 R Roger
34%
60 G Gerry
32%
59 J Jerry
32%
57 L Laurence
32%
57 L Lawrence
32%
62 T Tom
32%
61 P Phil
31%
62 H Howard
29%
58 L Leonard
29%
57 T Tim
29%
63 H Herbert
26%
62 J Jim
26%
59 B Bernard
25%
62 N Norman
25%
57 C Chuck
24%
59 D Dave
24%
58 D Doug
24%
58 B Barry
22%
58 B Bruce
22%
58 D Dennis
22%
59 S Stanley
22%
61 B Bert
21%
57 T Terry
21%
59 W Wayne
19%
57 G Glen
18%
58 G Glenn
18%
58 G Gordon
18%
63 W Wilbur
18%
58 B Billy
16%
61 H Horace
16%
62 R Ralph
16%
60 E Earnest
15%
58 E Ernest
15%
61 H Herman
15%
59 V Vernon
15%
57 W Woodrow
15%
60 C Clarence
13%
62 H Hubert
13%
61 J Johnnie
13%
58 T Tommie
13%
58 A Alfred
12%
61 E Earl
12%
58 F Freddie
12%
65 H Homer
12%
63 J Jimmie
12%
58 R Roy
12%
61 W Willie
12%
59 D Dale
10%
61 E Eugene
10%
60 L Lloyd
10%
59 A Arnold
9%
60 C Clyde
9%
57 E Elmer
9%
59 W Wallace
9%
60 C Chester
7%
61 F Floyd
7%
59 L Lester
7%
57 M Morris
7%
58 T Ted
7%
57 D Duane
6%
63 G Gene
6%
60 L Leroy
6%
61 B Bennie
4%
60 C Cecil
4%
61 C Claude
4%
57 C Clifford
4%
61 E Elbert
4%
66 M Merle
4%
59 R Rufus
4%
59 V Virgil
4%
59 W Wilbert
4%
63 W Willard
4%
62 D Delbert
3%
62 L Lowell
3%
57 L Luther
3%
59 R Rudolph
3%
57 B Buddy
1%
66 C Carroll
1%
60 D Dewey
1%
62 D Doyle
1%
58 R Roosevelt
1%
58 S Sammie
1%
58 G Garland
0%
No matching quizzes found
Score Distribution
Percent of People with Each Score
Percentile by Number Answered
Your Score History
You have not taken this quiz